Religion Quiz

Random Religion or Islam Quiz

Religion Facts Quiz Stats

 Plays Quiz Updated May 22, 2016

Score 0/22 Timer 07:00
2 Plays Today
% Correct
Japan
95.6%
Christian
95.1%
Apple
94.3%
Foot
93%
Hinduism
92%
Musical Instruments
91.6%
Mecca
89.6%
India
88.1%
Have alcohol
87.1%
Witnesses
86.7%
Sweden
83.2%
% Correct
Gods and Goddesses
82.8%
Constitution
81.2%
Vending
81%
Jediism
76.8%
Greek
75.9%
Amish
71.7%
Temples
70.1%
Buddhist
68.9%
Sin
65.7%
Europe
62.7%
Islam
50.8%

You're not logged in!

Compare scores with friends on all Sporcle quizzes.
OR
Log In

Show Comments

Extras

Top Quizzes Today


Score Distribution

Your Account Isn't Verified!

In order to create a playlist on Sporcle, you need to verify the email address you used during registration. Go to your Sporcle Settings to finish the process.

Report this User

Report this user for behavior that violates our Community Guidelines.

Details: